000 00821cam a2200229 4500
008 090401t1996 xxu||||| |||| 00| 0 eng d
020 _a0851219829
035 _a(Sirsi) u9046
041 _aeng
050 _a347.4109
100 _aRutherford, Margaret
245 _aArbitration Act 1996: a practical guide
260 _aLondon
_bFT Law & Tax
_c1996
300 _axxix,370p. ; 24cm.
350 _a40
520 _aFollowing a history of the 1996 act, the authors explain what the act does and then look at it section by section. Appendices include a full text of the act and checklists.
650 _aARBITRATION ACT 1996
690 _aMANAGEMENT-DISPUTE AVOIDANCE, MANAGEMENT AND RESOLUTION-DISPUTE MANAGEMENT AND RESOLUTION-ARBITRATION
700 _aSims, John H.M.
942 _n0
948 _c04/03/1997
999 _c86592
_d86592